Life Is What You Make It: (Record no. 166802)

MARC details
000 -LEADER
fixed length control field 00622nam a22001817a 4500
010 ## - LCCN (DPL NO)
LC control number ENG-126148
020 ## - INTERNATIONAL STANDARD BOOK NUMBER
International Standard Book Number 978-93-80349-30-5
Terms of availability 100.00
035 ## - SYSTEM CONTROL NUMBER
System control number EN-109680
037 ## - SOURCE OF ACQUISITION
Source of stock number/acquisition DBAD/PUB
082 ## - DEWEY DECIMAL CLASSIFICATION NUMBER
Classification number 158
100 ## - MAIN ENTRY--PERSONAL NAME
Personal name Shenoy,Preeti
245 ## - TITLE STATEMENT
Title Life Is What You Make It:
Remainder of title A Story Of Love Hope And How Determination Can Overcome Even Destiny/
Statement of responsibility, etc Preeti Shenoy
260 ## - PUBLICATION, DISTRIBUTION, ETC. (IMPRINT)
Place of publication, distribution, etc New Delhi
Name of publisher, distributor, etc Shrishti Publishers&Distributors
Date of publication, distribution, etc 2011
270 ## - ADDRESS
Address N-16,C.R.Park
City New Delhi
Postal code 110019
Electronic mail address srishtripublishers@gmail.com
Fax number +91(001)23289285
300 ## - PHYSICAL DESCRIPTION
Extent 209p.
Other physical details 20cm(pbk)
500 ## - GENERAL NOTE
General note it includes epilogue
942 ## - ADDED ENTRY ELEMENTS (KOHA)
Source of classification or shelving scheme Dewey Decimal Classification
Item type English Books
Classification part SHE
Holdings
Withdrawn status Lost status Not for loan Collection code Home library Current library Date acquired Source of acquisition Cost, normal purchase price Full call number Barcode Copy number Cost, replacement price Koha item type
      Non-fiction Ashok Vihar Ashok Vihar 08/08/2019 DBAD/PUB 100.00 158 SHE EN-109680 1 100.00 English Books

© Delhi Public Library
Hit Counter
free hit counter